000 00389nam a2200181Ia 4500
100 _aNag/P.K
650 _aThermodynamics
250 _a4
942 _cBK
366 _f25
654 _athermodynamics
245 _aEngineering thermodynamics
260 _bTata Mc Graw hill Ltd.
_c2008
082 _a621.4021
_bNAG
300 _a804
546 _aENGLISH
_cInfo.Tech
999 _c29802
_d29802